Jüdische Weisheit aus drei Jahrtausenden / gesammelt von Israel Steinberg ; ausgewählt und ins Deutsche übertragen von Salcia Landmann.
Record details
- ISBN: 3-7766-1221-5
- Physical Description: 264 s. ; 16,5 cm.
- Publisher: München ; Berlin : Herbig , c1983.
Content descriptions
| General Note: | "Auswahl aus Chochme fun jidischn Kwal, Tel Aviv, 1962." |
Search for related items by subject
| Subject: | Judaism > Quotations, maxims, etc. |
Available copies
- 1 of 1 copy available at Common Catalog SPOK.
Holds
- 0 current holds with 1 total copy.
Show Only Available Copies
| Location | Call Number / Copy Notes | Barcode | Shelving Location | Status | Due Date |
|---|---|---|---|---|---|
| ETS Library | 296.1 | 424470015485 | Volný výběr | Available | - |
| LDR | 00948cam a2200265 a 4500 | ||
|---|---|---|---|
| 001 | 42114 | ||
| 003 | CZ-PrJAB | ||
| 005 | 20170524134435.0 | ||
| 008 | 981111s1983 gw e 000 0 ger d | ||
| 020 | . | ‡a3-7766-1221-5 | |
| 035 | . | ‡a(CONS)12805 | |
| 035 | . | ‡a(CaOOAMICUS)000036029036 | |
| 040 | . | ‡aCaOTU ‡beng ‡cKGL ‡dOCL | |
| 041 | 1 | . | ‡ager ‡hheb |
| 082 | . | ‡a296.1 | |
| 100 | . | ‡aSteinberg, Israel, 1894-1970. | |
| 130 | 0 | . | ‡aMi-maʻyan ha-ḥokhmah shel ʻam Yiśraơel. ‡lGerman. |
| 245 | 1 | 0. | ‡aJüdische Weisheit aus drei Jahrtausenden / ‡cgesammelt von Israel Steinberg ; ausgewählt und ins Deutsche übertragen von Salcia Landmann. |
| 260 | . | ‡aMünchen ; Berlin : ‡bHerbig , ‡cc1983. | |
| 300 | . | ‡a264 s. ; ‡c16,5 cm. | |
| 500 | . | ‡a"Auswahl aus Chochme fun jidischn Kwal, Tel Aviv, 1962." | |
| 650 | 0. | ‡aJudaism ‡vQuotations, maxims, etc. | |
| 700 | 1 | . | ‡aLandmann, Salcia |
| 852 | 4 | . | ‡bETS ‡bETS ‡cVolný výběr ‡j296.1 ‡p424470015485 ‡y$50.00 |
| 910 | . | ‡aABG450 | |
| 999 | . | ‡a12805 ‡c12805 ‡tbiblio | |
| 905 | . | ‡uadmin | |
| 901 | . | ‡a42114 ‡b ‡c42114 ‡tbiblio ‡sets | |